000 00426nam a2200181Ia 4500
001 10547
005 20260306161840.0
008 260306t1974||||xx |||||||||||||| ||spa||
041 _aESP
082 _a940.21
_bM26
100 _aMartín, Alfred Von
_eAUT
245 0 _aSociología del renacimiento
260 _c1974
300 _a132 páginas :
_c17 cm.
650 _aGEN
654 _aCHU
942 _cLIB
_dJUS
_fJUS
_2ddc
_n
999 _c10547
_d10547